[Event "HUN-chT2 Toth 0304"]
[Site "Hungary"]
[Date "2003.12.07"]
[Round "5"]
[White "Csikos, Mihaly"]
[Black "Varasdy, Imre"]
[Result "1/2-1/2"]
[WhiteElo "2224"]
[BlackElo "2363"]
[PlyCount "34"]
[EventDate "2003.09.28"]
[EventType "team-tourn"]
[EventRounds "11"]
[EventCountry "HUN"]
[SourceTitle "EXT 2009"]
[Source "ChessBase"]
[SourceDate "2008.11.26"]
[SourceVersion "1"]
[SourceVersionDate "2008.11.26"]
[SourceQuality "1"]
[WhiteTeam "Mako II"]
[BlackTeam "Takisz"]
[WhiteTeamCountry "HUN"]
[BlackTeamCountry "HUN"]

1. e4 c6 2. Nc3 g6 3. d4 d6 4. Nf3 Bg7 5. Bc4 Nf6 6. Qe2 0-0 7. 0-0 d5 8. exd5 cxd5 9. Bb3 Bg4 10. h3 Bxf3 11. Qxf3 Nc6 12. Nxd5 Nxd5 13. Qxd5 Qxd5 14. Bxd5 Nxd4 15. Bxb7 Rab8 16. Be4 Ne2+ 17. Kh1 Nxc1 1/2-1/2

[Event "HUN-chT2 Toth 0304"]
[Site "Hungary"]
[Date "2003.11.16"]
[Round "3"]
[White "Horvath, Zsolt"]
[Black "Varasdy, Imre"]
[Result "1-0"]
[WhiteElo "2279"]
[BlackElo "2363"]
[PlyCount "99"]
[EventDate "2003.09.28"]
[EventType "team-tourn"]
[EventRounds "11"]
[EventCountry "HUN"]
[SourceTitle "EXT 2009"]
[Source "ChessBase"]
[SourceDate "2008.11.26"]
[SourceVersion "1"]
[SourceVersionDate "2008.11.26"]
[SourceQuality "1"]
[WhiteTeam "Oroshaza"]
[BlackTeam "Takisz"]
[WhiteTeamCountry "HUN"]
[BlackTeamCountry "HUN"]

1. e4 c6 2. d3 d5 3. Nd2 e5 4. Ngf3 Bd6 5. g3 Nf6 6. Bg2 0-0 7. 0-0 Re8 8. c3 Nbd7 9. Qc2 Qc7 10. d4 dxe4 11. Nxe4 Nxe4 12. Qxe4 Nf6 13. Qc2 exd4 14. Nxd4 Qa5 15. h3 Qh5 16. Qd1 Bc7 17. Qxh5 Nxh5 18. Bf3 Nf6 19. Kg2 Bd7 20. Be3 Rad8 21. a4 Bc8 22. Rfe1 h6 23. a5 a6 24. Nb3 Nd7 25. Bg4 Ne5 26. Bxc8 Rxc8 27. Bf4 g5 28. Bxe5 Rxe5 29. Rxe5 Bxe5 30. Nc5 Bd6 31. Ne4 Be7 32. Rd1 Rd8 33. Rxd8+ Bxd8 34. Nc5 Bxa5 35. Nxb7 Bb6 36. Nd6 Bc5 37. Nc4 Be7 38. g4 f6 39. Kf3 Kf7 40. Ke4 Ke6 41. Na5 c5 42. Nc6 Bf8 43. Na5 Bd6 44. Nc4 Bf4 45. Nb6 Bc7 46. Nd5 Bd6 47. Ne3 Bf8 48. Nf5 a5 49. c4 a4 50. f3 1-0

[Event "HUN-chT2 Toth 0203"]
[Site "Hungary"]
[Date "2003.04.13"]
[Round "11"]
[White "Fekete, Albert"]
[Black "Varasdy, Imre"]
[Result "1/2-1/2"]
[WhiteElo "2269"]
[BlackElo "2380"]
[PlyCount "36"]
[EventDate "2002.09.22"]
[EventType "team-tourn"]
[EventRounds "11"]
[EventCountry "HUN"]
[SourceTitle "EXT 2009"]
[Source "ChessBase"]
[SourceDate "2008.11.26"]
[SourceVersion "1"]
[SourceVersionDate "2008.11.26"]
[SourceQuality "1"]

1. e4 g6 2. g3 Bg7 3. Bg2 c5 4. c3 Nc6 5. d3 d6 6. Be3 e5 7. Ne2 Nge7 8. Qd2 b6 9. Bh6 Bxh6 10. Qxh6 Ng8 11. Qg7 Qf6 12. Qxf6 Nxf6 13. Na3 Ba6 14. Kd2 Ke7 15. Nc2 Rad8 16. Ne3 Bc8 17. c4 Be6 18. Nd5+ Bxd5 1/2-1/2

[Event "HUN-chT2 Toth 0203"]
[Site "Hungary"]
[Date "2003.03.23"]
[Round "9"]
[White "Kadas, Gabor"]
[Black "Varasdy, Imre"]
[Result "1-0"]
[WhiteElo "2226"]
[BlackElo "2380"]
[PlyCount "123"]
[EventDate "2002.09.22"]
[EventType "team-tourn"]
[EventRounds "11"]
[EventCountry "HUN"]
[SourceTitle "EXT 2009"]
[Source "ChessBase"]
[SourceDate "2008.11.26"]
[SourceVersion "1"]
[SourceVersionDate "2008.11.26"]
[SourceQuality "1"]

1. d4 Nf6 2. Nf3 e6 3. Bf4 b6 4. a3 Bb7 5. e3 Be7 6. c4 h6 7. h3 c5 8. Nc3 cxd4 9. exd4 d6 10. Bd3 a6 11. Qe2 Nbd7 12. 0-0 0-0 13. Rfd1 Re8 14. Rac1 Bf8 15. Bh2 Qb8 16. b4 Qa7 17. Bb1 Rac8 18. Ne1 Qa8 19. f4 a5 20. g4 g6 21. g5 Nh5 22. Nb5 Bc6 23. gxh6 Bxb5 24. h7+ Kh8 25. cxb5 axb4 26. Be4 d5 27. Bf3 Nhf6 28. axb4 Rxc1 29. Rxc1 Qa3 30. Nd3 Kxh7 31. Kh1 Bxb4 32. Rf1 Kg7 33. Ne5 Rh8 34. Bg2 Qc3 35. f5 exf5 36. Nxd7 Nxd7 37. Be5+ Nxe5 38. Qxe5+ Kg8 39. Qxd5 Rxh3+ 40. Bxh3 Qxh3+ 41. Kg1 Bc3 42. Rf3 Qg4+ 43. Kh2 Bxd4 44. Rg3 Qf4 45. Kh3 Be5 46. Rxg6+ Bg7 47. Rg3 Qe4 48. Qxe4 fxe4 49. Kg4 Be5 50. Re3 Kf8 51. Kf5 Bd6 52. Rxe4 Be7 53. Ra4 Kg7 54. Rc4 Kf8 55. Rc8+ Kg7 56. Rc7 Bh4 57. Rc4 Bf2 58. Ke5 Be3 59. Ke4 Bg1 60. Rc1 Bf2 61. Rc2 Bh4 62. Rc6 1-0

[Event "HUN-chT2 Toth 0203"]
[Site "Hungary"]
[Date "2003.01.19"]
[Round "5"]
[White "Tompa, Janos"]
[Black "Varasdy, Imre"]
[Result "1/2-1/2"]
[WhiteElo "2409"]
[BlackElo "2380"]
[PlyCount "33"]
[EventDate "2002.09.22"]
[EventType "team-tourn"]
[EventRounds "11"]
[EventCountry "HUN"]
[SourceTitle "EXT 2009"]
[Source "ChessBase"]
[SourceDate "2008.11.26"]
[SourceVersion "1"]
[SourceVersionDate "2008.11.26"]
[SourceQuality "1"]

1. e4 g6 2. d4 Bg7 3. Nc3 d6 4. Be2 c6 5. h4 h5 6. Nf3 Bg4 7. Be3 Nd7 8. Ng5 Bxe2 9. Qxe2 Ngf6 10. f3 b5 11. a4 a6 12. 0-0 0-0 13. axb5 axb5 14. Bf2 Qc7 15. Rfe1 Nh7 16. Nxh7 Kxh7 17. Qd3 1/2-1/2